Ueber Munz - und Arbitragen-Rechnung

Gespeichert in:
Bibliographische Detailangaben
Format: Buch
Sprache:Deutsch
Veröffentlicht: Wien Carl Gerold's Sohn 1861
Tags: Tag hinzufügen
Keine Tags, Fügen Sie das erste Tag hinzu!

MARC

LEADER 00000nam a2200000 4500
001 0302980
005 20240708093639.7
041 0 |a ger 
044 |a AT 
245 1 0 |a Ueber Munz - und Arbitragen-Rechnung 
264 1 |a Wien  |b Carl Gerold's Sohn  |c 1861